| 000 | 05852nas a22003017a 4500 | ||
|---|---|---|---|
| 003 | NALT | ||
| 005 | 20240807143350.0 | ||
| 006 | a|||p|r|||| 00| 0 | ||
| 007 | ta | ||
| 008 | 240807b th |||p| |||| 00| 0 tha d | ||
| 022 | _a08579776 | ||
| 040 | _aNALT | ||
| 041 | _atha | ||
| 245 | 0 | 0 | _aกฎหมายสุโขทัยธรรมาธิราช ปีที่ 26 ฉบับที่ 1-2 (มิ.ย.-ธ.ค. 2557) |
| 260 | _aพี.เอ.ลีฟวิ่ง จำกัด | ||
| 310 | _aราย 6 เดือน | ||
| 500 | _aวารสารเย็บเล่ม | ||
| 505 | 2 |
_aปีที่ 26 ฉบับที่ 1 มิ.ย. 2557 -- ความผิดและการลงโทษสำหรับการลอกเลียนโดยมิชอบ -- ปัญหาการอ้างสิทธิและการบังคับใช้กฎหมายเหนือมรดกทางวัฒนธรรมใต้น้ำ
ในเขตพื้นที่ทับซ้อนทางทะเลระหว่างประเทศที่มีชายฝั่งทะเลประชิดติดกับและตรงข้ามกับประเทศไทย (ตอนที่ 1) -- The Introduction of Trademark Dilution:
The Review of Dilution Concept in ASEAN -- การบูรณาการของกฎหมายการพาณิชย์อิเล็กทรอนิกส์ ในประชาคมอาเซียน -- Customer Due Diligence
Measures under Money Laundering Regulations 2007 of the United Kingdom (Part 2) -- The Control of Administrative Acts of the
Medical Council by the Administrative Court -- ทรัพย์สินทางปัญญากับองค์ความรู้ดั้งเดิม (องค์ความรู้ด้านการแพทย์แผนไทย) -- การพัฒนาและปัญหา
การคุ้มครององค์ความรู้ดั้งเดิมฯ -- พระราชบัญญัติการดูแลผลประโยชน์ขอคู่สัญญา พ.ศ. 2551. _aปีที่ 26 ฉบับที่ 2 ธ.ค. 2557 -- การนำหลักการระวังไว้ก่อนมาใช้ในบริบทของทรัพย์สินทางปัญญาเพื่อคุ้มครองความเป็นสาธารณสมบัติ -- ปัญหาการอ้างสิทธิและ การบังคับใช้กฎหมายเหนือทรดกทางวัฒนธรรมใต้น้ำในเขตพื้นที่ทับซ้อนทางทะเลระหว่างประเทศที่มีชายฝั่งทะเลประชิดติดกับและตรงข้ามกับประเทศไทย (ตอนที่ 2) -- การคุ้มครองสิทธิส่วนบุคคลของพนักงานในสถานประกอบการจากการสอดส่องการใช้งานอินเทอร์เน็ตตามกฎหมายของประเทศสหรัฐอเมริกา -- แนวคิดและโครงสร้าง กฎหมายสิ่งแวดล้อม -- Maternal surrogacy and reproductive tourism in Thailand: a call for legal regulation -- การโอนสิทธิเรียกร้องตามประมวล กฎหมายแพ่งและพาณิชย์ มาตรา 306 มีแบบหรือไม่ -- สิบคำถาม-คำตอบ เกี่ยวกับตัวชี้วัดสิทธิมนุษยชนเบื้องต้นตามปฏิญญาสากลว่าด้วยสิทธิมนุษยชน -- วิเคราะห์ การบังคับใช้โทษทางอาญากับการกระทำผิดตามกฎหมายทรัพย์สินทางปัญญา (ตอนที่ 1) -- รายงานการสัมมนา การรับฟังความคิดเห็นต่อการเข้าเป็นภาคีพิธีสารเลือกรับ ของกติการะหว่างประเทศว่าด้วยสิทธิพลเมืองและสิทธิทางการเมือง -- The Observation on Article 4 of the Rome I Regulation: The Similarities and Differences Between the Rome Convention and Rome I Regulation -- เมื่อบุตรบุญธรรมกลายเป้น "ภริยาบุญทำ" ผลทางกฎหมายจะเป็นอย่างไร? -- การกำหนดเอาการใช้ราคาเป็นเงื่อนไขในสัญญาซื้อขาย -- พระราชบัญญัติการทารุณกรรมและการจัดสวัสดิภาพสัตว์ พ.ศ. 2557. |
|
| 650 | 0 |
_aกฎหมายสิ่งแวดล้อม _930360 |
|
| 650 | 0 |
_aการแพทย์แผนไทย _928478 |
|
| 650 | 0 |
_aทรัพย์สินทางปัญญา _918385 |
|
| 850 | _aNALT | ||
| 866 | _aปีที่ 26 ฉบับที่ 1 (มิ.ย. 2557) | ||
| 866 | _aปีที่ 26 ฉบับที่ 2 (ธ.ค. 2557) | ||
| 942 | _cBOUND | ||
| 996 |
_aaroonthip.c _bLIBSTF _c2024-08-07 |
||
| 999 |
_c105597 _d105597 |
||
| 998 |
_h179 _j179 _k อรุณทิพย์ จันทร์ดิษฐ์ |
||